Capítulo 9-1 Vocabulario - Statistics

General Stats
  • This quiz has been taken 19 times
  • The average score is 18 of 25
Answer Stats
Hint Answer % Correct
heart el corazón
100%
body el cuerpo
100%
eye el ojo
100%
mouth la boca
100%
face la cara
100%
hand la mano
100%
arm el brazo
86%
tooth el diente
86%
hair el pelo
86%
foot el pie
86%
head la cabeza
86%
nose la nariz
86%
health la salud
86%
blood la sangre
86%
finger el dedo (del la mano)
71%
toe el dedo (del pie)
71%
stomach el estómago
71%
ear la oreja
71%
leg la pierna
71%
back la espalda
57%
neck el cuello
29%
chest el pecho
29%
throat la garganta
29%
inner ear el oído
14%
waist la cintura
14%
No matching quizzes found
Score Distribution
Percent of People with Each Score
Percentile by Number Answered
Your Score History
You have not taken this quiz